March Madness First Round Upsets - Statistics

General Stats
  • This quiz has been taken 105 times
  • The average score is 6 of 11
Answer Stats
Year Seed Team Beaten Answer % Correct
2023 13 4 Virginia Furman
80%
2023 15 2 Arizona Princeton
80%
2022 15 2 Kentucky St. Peter's
80%
2023 16 1 Purdue Fairleigh Dickinson
69%
2021 15 2 Ohio State Oral Roberts
61%
2022 12 5 Iowa Richmond
51%
2021 13 4 Purdue North Texas
44%
2021 14 3 Texas Abilene Christian
38%
2021 13 4 Virginia Ohio
34%
2022 12 5 UConn New Mexico St
33%
2021 12 5 Tennessee Oregon State
23%
No matching quizzes found
Score Distribution
Percent of People with Each Score
Percentile by Number Answered
Your Score History
You have not taken this quiz